Учет внеоборотных активов: учебное пособие для вузов

Opis bibliograficzny
1. autor: Герасимова Л. Н. Лариса Николаевна
Streszczenie:Учебное пособие подготовлено в соответствии с федеральным государственным образовательным стандартом высшего профессионального образования по направлению подготовки 080100 "Экономика", квалификация (степень) магистр и программой по бухгалтерскому учету. Содержание книги отражает действующее законодательство в области бухгалтерского финансового учета, содержит практические примеры и разъяснения трудных ситуаций по учету внеоборотных активов. Материал учебного пособия изложен с позиций области профессиональной деятельности магистров, которая включает возможность работы в экономических, финансовых, аналитических и аудиторских подразделениях и службах организаций различных отраслей и форм собственности; органах государственной и муниципальной власти; академических и ведомственных научно-исследовательских организациях; учреждениях системы высшего и дополнительного профессионального образования; консалтинговых организациях, осуществляющих бизнес-консультирование и проведение работ по финансовому оздоровлению организаций и повышению эффективности их деятельности.
Język:rosyjski
Wydane: Москва, Инфра-Инженерия, 2012
Hasła przedmiotowe:
Format: Książka
KOHA link:https://koha.lib.tpu.ru/cgi-bin/koha/opac-detail.pl?biblionumber=219838

MARC

LEADER 00000nam0a2200000 4500
001 219838
005 20231101230304.0
010 |a 9785972900459 
035 |a (RuTPU)RU\TPU\book\239937 
090 |a 219838 
100 |a 20120724d2012 m y0rusy50 ca 
101 0 |a rus 
102 |a RU 
105 |a a j 001zy 
200 1 |a Учет внеоборотных активов  |e учебное пособие для вузов  |f Л. Н. Герасимова 
210 |a Москва  |c Инфра-Инженерия  |d 2012 
215 |a 239 с.  |c ил. 
320 |a Библиогр.: с. 233-236. 
330 |a Учебное пособие подготовлено в соответствии с федеральным государственным образовательным стандартом высшего профессионального образования по направлению подготовки 080100 "Экономика", квалификация (степень) магистр и программой по бухгалтерскому учету. Содержание книги отражает действующее законодательство в области бухгалтерского финансового учета, содержит практические примеры и разъяснения трудных ситуаций по учету внеоборотных активов. Материал учебного пособия изложен с позиций области профессиональной деятельности магистров, которая включает возможность работы в экономических, финансовых, аналитических и аудиторских подразделениях и службах организаций различных отраслей и форм собственности; органах государственной и муниципальной власти; академических и ведомственных научно-исследовательских организациях; учреждениях системы высшего и дополнительного профессионального образования; консалтинговых организациях, осуществляющих бизнес-консультирование и проведение работ по финансовому оздоровлению организаций и повышению эффективности их деятельности. 
606 1 |a Бухгалтерский учет  |2 stltpush  |3 (RuTPU)RU\TPU\subj\30744  |9 53805 
610 1 |a внеоборотные активы 
610 1 |a учет 
610 1 |a капитальные вложения 
610 1 |a строительство 
610 1 |a долгосрочные инвестиции 
610 1 |a основные средства 
610 1 |a оценка 
610 1 |a переоценка 
610 1 |a амортизация 
610 1 |a выбытие 
610 1 |a инвентаризация 
610 1 |a восстановление 
610 1 |a ремонт 
610 1 |a модернизация 
610 1 |a аренда 
610 1 |a нематериальные активы 
610 1 |a деловая репутация 
610 1 |a информация 
610 1 |a раскрытие 
610 1 |a бухгалтерская отчетность 
610 1 |a учебные пособия 
675 |a 657.22(075.8)  |v 3 
700 1 |a Герасимова  |b Л. Н.  |g Лариса Николаевна 
801 1 |a RU  |b 63413507  |c 20120724 
801 2 |a RU  |b 63413507  |c 20150706  |g RCR 
900 |a Бухгалтерский учет 
942 |c BK 
951 |b 080100 
959 |a 100/20120703  |d 2  |e 210,00  |f ЧЗГЛ:1  |f АНЛ:1